书目信息 |
| 题名: |
传染病、皮肤病诊疗技术
|
|
| 作者: | 陈吉刚 主编 | |
| 分册: | ||
| 出版信息: | 北京 科学出版社 2015.07 |
|
| 页数: | 201页 | |
| 开本: | 27cm | |
| 丛书名: | ||
| 单 册: | ||
| 中图分类: | R51 | |
| 科图分类: | ||
| 主题词: | 传染病--诊疗--高等职业教育--教材 , 皮肤病--诊疗--高等职业教育--教材 | |
| 电子资源: | ||
| ISBN: | 978-7-03-045046-3 | |
| 000 | 00944nam0 2200241 450 | |
| 001 | 4449 | |
| 005 | 20181012093042.06 | |
| 010 | @a978-7-03-045046-3@dCNY53.00 | |
| 100 | @a20150804d2015 em y0chiy50 ea | |
| 101 | 0 | @achi |
| 102 | @aCN@b110000 | |
| 105 | @aa z 000yy | |
| 200 | 1 | @a传染病、皮肤病诊疗技术@9chuan ran bing、pi fu bing zhen liao ji shu@b专著@f陈吉刚主编 |
| 210 | @a北京@c科学出版社@d2015.07 | |
| 215 | @a201页@c彩图@d27cm | |
| 300 | @a高等职业医药院校临床医学专业“系统化”医学教材 | |
| 330 | @a本书主要包括了传染病学和皮肤性病学的相关内容。全书分两篇,第一篇主要是传染病学的内容,同时将性传播疾病、部分皮肤病依据病原学放在相应传染病学的章节内;第二篇主要是皮肤病基本知识及常见非感染性皮肤病的诊治。 | |
| 606 | 0 | @a传染病@x诊疗@x高等职业教育@j教材 |
| 606 | 0 | @a皮肤病@x诊疗@x高等职业教育@j教材 |
| 690 | @aR51@v5 | |
| 701 | 0 | @a陈吉刚@9chen ji gang@4主编 |
| 801 | 0 | @aCN@b91MARC@c20160302 |
| 905 | @aMuseLib@dR51@e146 | |
| 传染病、皮肤病诊疗技术/陈吉刚主编.-北京:科学出版社,2015.07 |
| 201页:彩图;27cm |
| 高等职业医药院校临床医学专业“系统化”医学教材 |
| ISBN 978-7-03-045046-3:CNY53.00 |
| 本书主要包括了传染病学和皮肤性病学的相关内容。全书分两篇,第一篇主要是传染病学的内容,同时将性传播疾病、部分皮肤病依据病原学放在相应传染病学的章节内;第二篇主要是皮肤病基本知识及常见非感染性皮肤病的诊治。 |
| ● |
| 相关链接 |
|
|
|
|
正题名:传染病、皮肤病诊疗技术
索取号:R51/146
 
预约/预借
| 序号 | 登录号 | 条形码 | 馆藏地/架位号 | 状态 | 备注 |
| 1 | 1125161 | 211251615 | 第二样本阅览室/ [索取号:R51/146] | 在馆 | |
| 2 | 1125162 | 211251624 | 第三借阅区/ [索取号:R51/146] | 在馆 | |
| 3 | 1125163 | 211251633 | 第三借阅区/ [索取号:R51/146] | 在馆 | |
| 4 | 1125164 | 211251642 | 第三借阅区/ [索取号:R51/146] | 在馆 | |
| 5 | 1125165 | 211251651 | 密集书库-生命科学系/ [索取号:R51/146] | 在馆 |